Electronic document storage (Record no. 102573)
[ view plain ]
| 000 -LEADER | |
|---|---|
| fixed length control field | 01594cam a2200289 4500 |
| 008 - FIXED-LENGTH DATA ELEMENTS--GENERAL INFORMATION | |
| fixed length control field | 000000n2003 000 0 eng u |
| 020 ## - INTERNATIONAL STANDARD BOOK NUMBER | |
| International Standard Book Number | 184219125X |
| 035 ## - SYSTEM CONTROL NUMBER | |
| System control number | (Sirsi) u120913 |
| 041 0# - LANGUAGE CODE | |
| Language code of text/sound track or separate title | eng |
| 050 04 - LIBRARY OF CONGRESS CALL NUMBER | |
| Classification number | 025.00285 $2 18 |
| 110 2# - MAIN ENTRY--CORPORATE NAME | |
| Corporate name or jurisdiction name as entry element | Royal Institution of Chartered Surveyors |
| Subordinate unit | Construction Faculty |
| 9 (RLIN) | 4214 |
| 245 00 - TITLE STATEMENT | |
| Title | Electronic document storage |
| Remainder of title | legal admissibility |
| 250 ## - EDITION STATEMENT | |
| Edition statement | 2nd ed. |
| 260 ## - PUBLICATION, DISTRIBUTION, ETC. | |
| Place of publication, distribution, etc. | London |
| Name of publisher, distributor, etc. | RICS |
| Date of publication, distribution, etc. | 2003 |
| 300 ## - PHYSICAL DESCRIPTION | |
| Extent | 32p. |
| Dimensions | 30cm. |
| 490 #0 - SERIES STATEMENT | |
| Series statement | RICS Guidance Note |
| 505 2# - FORMATTED CONTENTS NOTE | |
| Formatted contents note | Code of Practice - DISC PD 0008: 1999 -- Weight of evidence and document destruction -- Authenticity -- Photocopies, microfilm and image processing -- Document storage -- Storage and access procedures -- Format of the Code of Practice -- Specimen form for recording scanning information -- Specimen form for recording retrieval |
| 520 ## - SUMMARY, ETC. | |
| Summary, etc. | Withdrawn and archived Oct 2015. |
| 520 ## - SUMMARY, ETC. | |
| Summary, etc. | Looks at authenticity and reliability of documents stored in this way and examines the requirements of BS Code of Practice - DISC PD 0008. Also considers the destruction of original documents, authenticity, alternative formats, document storage and access procedures. Includes specimen forms. |
| 520 ## - SUMMARY, ETC. | |
| Summary, etc. | Supersedes first edition (ISBN 1842190350). |
| 650 24 - SUBJECT ADDED ENTRY--TOPICAL TERM | |
| Topical term or geographic name entry element | BS DISC PD 0008: 1999 |
| 651 #4 - SUBJECT ADDED ENTRY--GEOGRAPHIC NAME | |
| Geographic name | England and Wales |
| Chronological subdivision | 1543- |
| 690 ## - LOCAL SUBJECT ADDED ENTRY--TOPICAL TERM (OCLC, RLIN) | |
| Topical term or geographic name as entry element | MANAGEMENT-BUSINESS MANAGEMENT-INFORMATION MANAGEMENT |
| 856 41 - ELECTRONIC LOCATION AND ACCESS | |
| Uniform Resource Identifier | <a href="https://www.rics.org/Global/Downloads/Electronic_document_storage_2003.pdf">https://www.rics.org/Global/Downloads/Electronic_document_storage_2003.pdf</a> |
| Public note | View the guidance free of charge at www.rics.org/guidance... |
| 942 ## - ADDED ENTRY ELEMENTS (KOHA) | |
| Suppress in OPAC | 0 |
| Withdrawn status | Lost status | Source of classification or shelving scheme | Damaged status | Not for loan | Home library | Current library | Shelving location | Date acquired | Total Checkouts | Full call number | Barcode | Date last seen | Copy number | Price effective from | Koha item type | Date last checked out |
|---|---|---|---|---|---|---|---|---|---|---|---|---|---|---|---|---|
| Dewey Decimal Classification | London | London | RICS Boxes | 09/05/2003 | RICS 2003/16 | 30067144 | 06/08/2019 | 1 | 06/08/2019 | Archive | ||||||
| Dewey Decimal Classification | London | London | RICS Boxes | 09/05/2003 | RICS 2003/16 | 30067145 | 06/08/2019 | 2 | 06/08/2019 | Reference material | ||||||
| Dewey Decimal Classification | London | London | RICS Boxes | 09/05/2003 | 5 | RICS 2003/16 | 30067146 | 06/08/2019 | 3 | 06/08/2019 | Book | 03/02/2004 | ||||
| Dewey Decimal Classification | Virtual | Virtual | Online | 16/08/2006 | ONLINE PUBLICATION | 120913-3001 | 06/08/2019 | 1 | 06/08/2019 | Book |